000 00956nam a2200217 a 4500
001 000672223
003 AM-YeHGA
005 20250617142016.0
008 090706s1964 ||| r 000 0 rus d
040 _aAM-YeHGA
041 0 _arus
100 1 _aТарский, Григорий Семенович
245 1 0 _aП. Черных-Якутский :
_bОчерк жизни и творчества /
_cГригорий Тарский; Якутская республиканская б-ка им. А.С. Пушкина.
260 _aЯкутск :
_bЯкутск. кн. изд-во,
_c1964.
300 _a63 с. :
_bпортр.
504 _aБиблиогр.: с. 47-63
600 1 4 _aЧерных-Якутский, Петр Никодимович
653 0 _aЯкутские писатели - Биографии
710 2 _aЯкутская республиканская библиотека им. А.С. Пушкина
090 _c250901
999 _c249306
_d249306